Najczęściej wymieniani sojusznicy Rosji - Statystyki

Ogólne statystyki
  • Ten quiz został rozwiązany 379 razy
  • Średni wynik to 9 z 17
Statystyki odpowiedzi
% Głosowanych Państwo % Poprawnych
40 Chiny
98%
58 Białoruś
94%
35 Kazachstan
77%
13 Indie
66%
7 Turcja
60%
9 Uzbekistan
54%
17 Armenia
51%
9 Kirgistan
50%
12 Syria
50%
13 Azerbejdżan
49%
6 Serbia
44%
6 Gruzja
42%
10 Niemcy
39%
9 Kuba
34%
7 Wietnam
34%
11 Wenezuela
30%
6 Bułgaria
15%
Nie znaleziono quizów pasujących do podanych kryteriów
Rozkład punktacji
Procent ludzi z każdym wynikiem
Percentyl według liczby udzielonych odpowiedzi
Twoja historia wyników
Nie rozwiązałeś tego quizu